Top 100 Biggest Cities in US States that Start with D-H - Statistics

General Stats
  • This quiz has been taken 151 times
  • The average score is 36 of 100
Answers on the Map
Answers color-coded by a green-red scale on the quiz's map according to % correct below.
 
Answer Stats
State City Population % Correct
Hawaii Honolulu 342,933
97%
Florida Miami 486,388
93%
Florida Jacksonville 926,371
92%
Georgia Atlanta 523,738
91%
Florida Tampa 413,704
90%
Florida Tallahassee 199,205
88%
Florida Orlando 291,739
86%
Georgia Savannah 145,754
85%
Florida St. Petersburg 271,842
83%
Florida Fort Lauderdale 184,599
78%
Georgia Athens 129,770
74%
Georgia Augusta 196,303
74%
Georgia Macon 152,519
72%
Delaware Wilmington 70,139
72%
Florida Hialeah 243,208
69%
Florida Cape Coral 199,503
68%
Florida Pensacola 52,411
66%
Georgia Columbus 189,296
65%
Florida Daytona Beach 70,902
65%
Florida Fort Myers 88,732
63%
Florida Gainesville 134,945
63%
Florida Port St. Lucie 206,410
63%
Florida West Palm Beach 114,508
60%
Florida Miami Beach 91,756
59%
Florida Hollywood 158,239
58%
Hawaii East Honolulu 47,770
57%
Florida Clearwater 119,116
53%
Florida Sarasota 59,218
53%
Florida Melbourne 85,166
51%
Florida Pembroke Pines 177,058
51%
Florida Coral Springs 137,007
49%
Florida Miami Gardens 113,821
49%
Florida Lakeland 114,264
48%
Florida Kissimmee 77,439
45%
Florida Boca Raton 102,800
43%
Florida Palm Bay 118,076
43%
Florida Ocala 61,719
41%
Georgia Marietta 60,754
40%
Georgia Alpharetta 66,847
39%
Georgia Sandy Springs 110,779
39%
Florida Miramar 143,219
38%
Florida Pompano Beach 113,908
38%
Georgia Roswell 94,872
36%
Georgia Valdosta 56,836
36%
Georgia Warner Robins 76,591
35%
Florida Deltona 94,495
33%
Florida Jupiter 67,130
33%
Georgia Albany 73,799
29%
Florida Davie 110,320
29%
Florida Coral Gables 51,503
28%
Georgia Johns Creek 84,946
28%
Georgia South Fulton 98,837
28%
Florida Bradenton 60,888
27%
Florida Homestead 72,717
26%
Florida North Miami 62,878
26%
Florida Deerfield Beach 81,915
24%
Florida Apopka 56,973
23%
Florida Boynton Beach 81,676
23%
Florida North Port 72,448
23%
Florida Palm Coast 91,563
23%
Florida The Villages 77,609
23%
Florida Delray Beach 71,646
22%
Florida Sunrise 96,618
21%
Florida Doral 66,970
20%
Florida Largo 86,188
19%
Florida Plantation 96,368
19%
Florida Brandon 113,279
18%
Florida Sanford 61,115
18%
Georgia Dunwoody 49,821
17%
Georgia Smyrna 56,738
17%
Florida Bonita Springs 60,872
15%
Georgia Brookhaven 55,219
15%
Florida Weston 72,324
15%
Florida Kendall 74,631
13%
Florida Lauderhill 72,934
13%
Florida Lehigh Acres 119,205
13%
Florida Port Orange 67,494
13%
Florida Spring Hill 107,855
13%
Florida St. Cloud 60,201
13%
Florida Wellington 66,324
13%
Florida Pinellas Park 53,768
12%
Georgia Stonecrest 55,036
12%
Florida Ocoee 50,394
11%
Florida Palm Beach Gardens 57,890
11%
Florida Port Charlotte 61,204
11%
Florida Riverview 91,190
9%
Florida Coconut Creek 63,849
8%
Florida Margate 59,368
8%
Florida Palm Harbor 61,995
8%
Florida Tamarac 67,278
8%
Florida Alafaya 88,542
7%
Florida Kendale Lakes 58,395
7%
Florida Town 'n' Country 85,620
7%
Florida Pine Hills 75,575
6%
Florida Poinciana 67,169
6%
Florida Tamiami 57,514
6%
Florida The Hammocks 60,473
5%
Florida Country Club 49,684
4%
Florida Fontainebleau 59,833
4%
Florida Wesley Chapel 55,046
4%
No matching quizzes found
Score Distribution
Percent of People with Each Score
Percentile by Number Answered
Your Score History
You have not taken this quiz